01408nam a2200241Ia 4500001001100000003001000011008004100021040002500062041001300087100004500100245008200145250001100227260008700238300001200325500022700337501011400564520022700678650004300905942000700948957000600955999004300961952016201004A085-34652IT-CnALBA170116s9999||||xx |||||||||||||| ||und|| aIT-CnALBAcIT-CnALBA aITALIANO aBOSSUET JACQUES-BENIGNE VESCOVO DI MEAUX 0aOPERE DI BOSSUET. ISTRUZIONI SOPRA GLI STATI D'ORAZIONE. TOMO XXVII. VOL. I.  a1a ed. a VENEZIAbZERLETTI PIETRO (PRESSO) c1797 [1° Ed.:1797 - Ed.Ling.Originale: 1797] a224 p.  aPREFAZIONE. ERRORI DEI FALSI MISTICI. SOPPRESSIONE DEGLI ATTI DI FEDE. MOLINOS. LA PETIZIONE. CONFORMITA' ALLA VOLONTÀ DI DIO. FEDE. ATTI RIFLESSI. ATTI DIRETTI. SICUREZZA E SUPERBIA. ORAZIONE E TRADIZIONE DELLA CHIESA.  aSocietà San Paolo EM - Piazza San Paolo, 14 - 12051 ALBA (CN) (non commercial uses only) ® Copyright 2017 aPREFAZIONE. ERRORI DEI FALSI MISTICI. SOPPRESSIONE DEGLI ATTI DI FEDE. MOLINOS. LA PETIZIONE. CONFORMITA' ALLA VOLONTÀ DI DIO. FEDE. ATTI RIFLESSI. ATTI DIRETTI. SICUREZZA E SUPERBIA. ORAZIONE E TRADIZIONE DELLA CHIESA.  aRACCOLTE DI CARATTERE GEN. IN ITALIANO cBK 71 a39421bSI g Copie: 1 c293485d293485 0010406A_0853465271aALBAbALBAd2017-01-16l0oA085-34652r2017-01-16 00:00:00w2017-01-16yBKz(data import: 16 gennaio 2017) - By Epidotti, Vaglietti.